00338nam a22000977a 4500008004100000082001700041100005500058245010200113260001200215300001300227230606b xxu||||| |||| 00| 0 eng d a347.0121bCJ cInternational Commission of Jurists, Kenya Section aStrengthening Judicial ReformsbPerformance Indicators: Public Perceptions of the Kenya Judiciary aNairobi a76 pages